| 000 | 00607nam a2200181 a 4500 | ||
|---|---|---|---|
| 008 | 120416s1990 ||||||||||||||||| || u | ||
| 050 | _aHD 3611 Wil | ||
| 100 | _aWilson, Graham K | ||
| 245 | 1 | 0 | _aBusiness and politics |
| 246 | _aa comparative introduction | ||
| 250 | _a2nd ed. | ||
| 260 |
_aChatham, [N.J.] _bChatham House _c1990 |
||
| 350 | _a0.00 | ||
| 650 | 0 | _aBUSINESS | |
| 650 | _aBUSINESS AND POLITICS | ||
| 650 | _aIndustrial policy | ||
| 995 |
_D0.00 _FCBU-MAIN LIBRARY (Kitwe) _H1 _I14.95 _M1 _UAVAILABLE _ZAnnex Low-Usage Collection |
||
| 999 |
_c36387 _d36387 |
||